Sporcle's Easiest U.S. History Quiz Stats

 Plays Quiz Updated Oct 20, 2015

Challenge
Share
Tweet
Embed
Score 0/30 Timer 05:00
3 Plays Today
Hint Answer % Correct
U.S. PresidentsWashington
98.6%
Most populous U.S. cities (1800-1950)New York
96.2%
Ivy League schoolsHarvard University
95.5%
U.S. PresidentsObama
94.5%
U.S. PresidentsLincoln
92.9%
U.S. PresidentsBush
92.6%
Ivy League schoolsYale University
92.5%
Confederate StatesGeorgia
87.6%
Confederate StatesSouth Carolina
87.3%
U.S. PresidentsClinton
84.7%
U.S. military ranksGeneral
83.7%
Confederate StatesVirginia
83.4%
Most populous U.S. cities (1800-1950)Chicago
82.9%
Confederate StatesAlabama
82.8%
Confederate StatesNorth Carolina
82.7%
Hint Answer % Correct
Most populous U.S. cities (1800-1950)Los Angeles
81.3%
Ivy League schoolsBrown University
75.3%
Ivy League schoolsPrinceton University
74.8%
U.S. Civil War battlesBattle of Gettysburg
74.6%
U.S. military ranksPrivate
71.1%
Most populous U.S. cities (1800-1950)Boston
69.1%
Most populous U.S. cities (1800-1950)Philadelphia
61%
U.S. military ranksCaptain
60.6%
U.S. military ranksLieutenant
58.5%
Ivy League schoolsCornell University
54.1%
U.S. military ranksSergeant
49.5%
U.S. Civil War battlesBattle(s) of Bull Run
34.6%
U.S. Civil War battlesBattle of Antietam
33.9%
U.S. Civil War battlesBattle of Vicksburg
21.6%
U.S. Civil War battlesBattle of Fort Sumter
13.3%

You're not logged in!

Compare scores with friends on all Sporcle quizzes.
Join for Free
OR
Log In

You Might Also Like...

Show Comments

Extras

Top Quizzes Today


Score Distribution

Your Account Isn't Verified!

In order to create a playlist on Sporcle, you need to verify the email address you used during registration. Go to your Sporcle Settings to finish the process.

Report this User

Report this user for behavior that violates our Community Guidelines.

Details: